| 000 | 01069cam a22003017i 4500 | ||
|---|---|---|---|
| 001 | 20414858 | ||
| 003 | OSt | ||
| 005 | 20250516100029.0 | ||
| 008 | 180321t20182018cau b 001 0 eng d | ||
| 020 | _a9781526426857 (paperback) | ||
| 024 | _cUSD 44.00 | ||
| 040 |
_aYDX _beng _cYDX _erda _dNUST |
||
| 050 | 0 | 0 |
_aH62 BRA _b |
| 100 | 1 |
_aBrancati, Dawn, _eAuthor. |
|
| 245 | 1 | 0 |
_aSocial scientific research / _cDawn Brancati. |
| 260 |
_aLos Angels: _aLondon: _aNew Delhi: _aSingapore: _aWashington DC: _aMelbourne; _bSage, _c©2018 |
||
| 300 |
_axiii, 364 pages : _c24 cm. _billustrations; |
||
| 336 |
_atext _btxt _2rdacontent |
||
| 337 |
_aunmediated _bn _2rdamedia |
||
| 338 |
_avolume _bnc _2rdacarrier |
||
| 504 | _aIncludes bibliographical references and index. | ||
| 650 | 0 | _xSocial sciences --- Research. | |
| 650 | 0 | _xHuman behavior --- Research. | |
| 650 | 7 | _xHuman behavior --- Research. --- fast | |
| 650 | 7 | _xSocial sciences --- Research --- fast | |
| 776 | 0 | 8 |
_iebook version : _z9781526452795 |
| 942 |
_2lcc _cBOOKS _hH62.B73 BRA _kH _mBRA _n0 |
||
| 999 |
_c171776 _d171776 |
||